000 00597nam a22002297a 4500
003 UA-OsUOA
001 98754
007 ta
008 20130417b un ||||| |||| 00| 0 ukr d
100 _aСелютина Л.
090 _a821.161.1
_bС29
942 _cBK
040 _aUA-OsUOA
_brus
_cUA-OsUOA
_dUA-OsUOA
245 _aБыть человеком
_bроман
300 _a252 с.
955 _a3
041 _arus
080 _a821.161.1
260 _aОдесса
_bМаяк
_c1983
650 7 _a82 Література. Літературознавство
_2UDC
999 _c384718
_d384718